000 00662nam a2200217 i 4500
001 76592
003 ES-MaACL
005 20230906172906.0
007 t|
008 041004s1977 sp ||||1| spa d
100 1 _aGuillard, Henri.
_960719
245 1 4 _aLos movimientos de las plantas /
_cpor H. Guillard ; [traducción de Janine Muls de Liarás].
250 _a[1ª ed.].
260 _a[Barcelona :
_bLaia,
_c1977]
300 _a28 p. :
_bil. ;
_c24 cm.
490 1 _aBiblioteca de trabajo
700 1 _aMuls de Liaras, Janine.
_9161938
830 0 _aBiblioteca de trabajo
_9183523
852 _aES-MaACL
_j2107-F-7
_bR.96318
999 _c76592
_d76592